ბათუმის შოთა რუსთაველის სახელმწიფო უნივერსიტეტის ბიბლიოთეკა

Известкование кислых почв нечерноземной полосы СССР (ბიბ.ჩანაწერი № 46234)

000 -LEADER
fixed length control field 00778nam a2200217Ia 4500
001 - CONTROL NUMBER
control field 13067
003 - CONTROL NUMBER IDENTIFIER
control field GE_BSU
008 - FIXED-LENGTH DATA ELEMENTS--GENERAL INFORMATION
fixed length control field 181216s||||||||xx |||||||||||||| ||und||
040 ## - CATALOGING SOURCE
Transcribing agency GE_BSU
080 ## - UNIVERSAL DECIMAL CLASSIFICATION NUMBER
Universal Decimal Classification number 631.8+631.4
100 ## - MAIN ENTRY--PERSONAL NAME
Personal name Корнилов,М.Ф. Небольсин,А.Н. Семенов В.А.
245 ## - TITLE STATEMENT
Title Известкование кислых почв нечерноземной полосы СССР
245 ## - TITLE STATEMENT
Statement of responsibility, etc. Под.ред.Н.А.Сапожникова и М.Ф.Корни
260 ## - PUBLICATION, DISTRIBUTION, ETC.
Place of publication, distribution, etc. Ленинград
260 ## - PUBLICATION, DISTRIBUTION, ETC.
Name of publisher, distributor, etc. Колос
260 ## - PUBLICATION, DISTRIBUTION, ETC.
Date of publication, distribution, etc. 1971
300 ## - PHYSICAL DESCRIPTION
Extent 256стр.илл.20см.
300 ## - PHYSICAL DESCRIPTION
Dimensions Библиогр.с.248-252
653 ## - INDEX TERM--UNCONTROLLED
Uncontrolled term Известкование кислых почв нечерноземной полосы СССР
942 ## - ADDED ENTRY ELEMENTS (KOHA)
Koha item type წიგნი
ეგზემპლარები
Withdrawn status Lost status Damaged status Not for loan Date acquired Barcode Date last seen Price effective from Koha item type
        2018-12-17 21080 2018-12-17 2018-12-17 წიგნი
        2018-12-17 21081 2018-12-17 2018-12-17 წიგნი